=LDR 00000nam 2200000 4500 =001 NUTBA000000000003367 =005 20140815154958.0 =006 =007 =008 =020 ##$$a 979-9391-11-3 =035 ##$$a 0010-081400000000212 =082 ##$$a 398.195 982 =090 ##$$a 398.198 982 $b Suy k =100 ##$$a Suyadi =245 ##$$a Kancil dan raja hutan $b The mouse deer, kancil and the king of the jungle $c Suyadi =260 ##$$a [s.l] $b Pencinta bacaan anak $c [s.a] =300 ##$$a 42 hlm $b ilus $c 25 cm =850 ##$$a NBPBMAT